| 000 | nam a22 a 4500 | ||
|---|---|---|---|
| 999 |
_c473264 _d473264 |
||
| 003 | BLK | ||
| 005 | 20220914131627.0 | ||
| 008 | 220914b bu |||||r|||| 00| | bu d | ||
| 040 | _aBLK | ||
| 041 |
_aRUS _cRUS |
||
| 080 |
_aМеждународни политически отношения. Световна политика. Международна политика. Дипломация _b327 _x(497.2:47+57) _z327(497.2:47+57) |
||
| 100 |
_91299 _aБрежнев, Леонид Илич _eпърви автор |
||
| 139 | _aБрежнев, Леонид Илич | ||
| 245 |
_aЛеонид Ильич Брежнев в Болгарии _b[Сборник] _cсостав. Спас Гергов; ред. Петр Стоянов |
||
| 260 |
_9216188 _aСофия _bСофия-пресс _c1974 |
||
| 300 |
_a117 с. _bс ил. 28 л. ил. _c21 см |
||
| 380 | _a3 | ||
| 500 | _a30 000 тир Речи, приветствия и др. материали по повод посещенията в НРБ | ||
| 600 | 1 | 4 |
_943159 _aБрежнев, Леонид Илич |
| 653 | 7 |
_9195537 _aречи |
|
| 700 |
_91311 _aСтоянов, Петър _eред. |
||
| 700 |
_9383068 _aГергов, Спас _eсъстав. и ред. |
||
| 852 |
_aЦб 74059 _bЦб |
||
| 942 |
_cKNG _n0 _s1 |
||
| 944 |
_aCR _c2022-09-14 _kМикаела Микова-Илиева _l2022-09-14 |
||